000 00273nam a2200109Ia 4500
001 1280615
005 20260417163132.0
008 260417s9999 xx 000 0 und d
020 _a9789756446997
245 0 _aGüneşe Yolculuk
_cAyşe Sevim
260 _bŞule Yayınları
999 _c1280615
_d1280615